000 00469cam a2200181 4500
001 D14763
008 090401t1953 xxu||||| |||| 00| 0 eng d
035 _a(Sirsi) u17746
041 _aeng
050 _a690
100 _aHutchins, Thos V
245 _aReprinted pieces relating mainly to the building trade and surveying profession
260 _aLondon
_bThos V Hutchins
_c1953
300 _a92p. ill. 19cm
350 _a0.5
942 _n0
948 _c04/03/1997
999 _c87544
_d87544